LEADER 01264nam 2200349Ia 450 001 996397742803316 005 20200824132702.0 035 $a(CKB)4940000000064083 035 $a(EEBO)2248499326 035 $a(OCoLC)ocm9471270e 035 $a(OCoLC)9471270 035 $a(EXLCZ)994940000000064083 100 $a19830502d1648 uy | 101 0 $aeng 135 $aurbn||||a|bb| 200 12$aA declaration of the commissioners of the Generall Assembly to the whole kirk and kingdome of Scotland$b[electronic resource] $econcerning present dangers and duties relating to the Covenant and religion 210 $aLondon $cReprinted for H.H.$d1648 215 $a13 p 300 $aSigned: A. Ker. 300 $aOriginally published: Edinburgh : For Evan Tyler. 300 $aReproduction of original in the Harvard University Library. 330 $aeebo-0062 607 $aScotland$xChurch history$y17th century 607 $aScotland$xHistory$yCharles I, 1625-1649 701 $aKer$b A$01001307 801 0$bEEU 801 1$bEEU 801 2$bWaOLN 906 $aBOOK 912 $a996397742803316 996 $aA declaration of the commissioners of the Generall Assembly to the whole Kirk and kingdome of Scotland$92306846 997 $aUNISA LEADER 01221nam a22002773i 4500 001 991000401189707536 005 20030226175421.0 008 021007s1982 it |||||||||||||||||ita 035 $ab11999639-39ule_inst 035 $aARCHE-008943$9ExL 040 $aDip.to Filologia Ling. e Lett.$bita$cA.t.i. Arché s.c.r.l. Pandora Sicilia s.r.l. 082 04$a872.4 245 00$aDue commedie umanistiche pavesi :$bIanus sacerdos. Repetitio magistri Zanini Coqui /$cPaolo Viti ; introduzione e testi critici a cura di Paolo Viti 260 $aPadova :$bAntenore,$c1982 300 $aXIII, 181 p. ;$c22 cm 490 0$aMiscellanea erudita 500 $aContiene: Ianus sacerdos, Repetitio magistri Zanini coqui 500 $aA. della Repetitio magistri Zanini coqui: Ugolino Pisani 700 1 $aPisani, Ugolino 700 1 $aViti, Paolo$eauthor$4http://id.loc.gov/vocabulary/relators/aut$0157022 907 $a.b11999639$b28-04-17$c01-04-03 912 $a991000401189707536 945 $aLE008 FL.M. XII C 2$g1$i2008000132026$lle008$o-$pE0.00$q-$rl$s- $t0$u1$v0$w1$x0$y.i12284518$z01-04-03 996 $aDue commedie umanistiche pavesi$9202273 997 $aUNISALENTO 998 $ale008$b01-04-03$cm$da $e-$fita$git $h0$i1 LEADER 01481nam0 22003011i 450 001 UON00027759 005 20231205102046.825 010 $a38-7997-378- 100 $a20020107d1975 |0itac50 ba 101 $ager 102 $aDE 105 $a|||| 1|||| 200 1 $aAus den Aufzeichnungen des Sa'id Giray Sultan$eEine zeitgenossische Quelle zur Geschichte der Krim um die Mitte des 18. Jahrhunderts$fBarbara Kellner-Heinkele 210 $aFreiburg im Breisgau$cSchwarz$d1975 215 $ax,329 p.$d22 cm 410 1$1001UON00065585$12001 $aIslamkundliche Untersuchungen$fHerausgegeben von Klaus Schwarz$v28 606 $aImpero Ottomano$xStoria$xFonti$xSec. 18$3UONC009979$2FI 606 $aImpero Ottomano$xStoria $xKhanato di Crimea$3UONC009145$2FI 620 $dFreiburg im Breisgau$3UONL003616 686 $aOTT IV A$cIMPERO OTTOMANO - STORIA - FONTI ORIENTALI$2A 700 1$aKELLNER-HEINKELE$bBarbara$3UONV004460$0643932 712 $aSchwarz, Klaus$3UONV246264$4650 801 $aIT$bSOL$c20250919$gRICA 912 $aUON00027759 950 $aSIBA - SISTEMA BIBLIOTECARIO DI ATENEO$dSI OTT IV 434 N $eSI SA 61760 5 434 N 950 $aSIBA - SISTEMA BIBLIOTECARIO DI ATENEO$dSI OTT IV A 096 N $eSI SA 29308 5 096 N 996 $aAus den Aufzeichnungen des Sa'id Giray Sultan$91188318 997 $aUNIOR